01918nmm a2200181 a 4500020003200000082001200032100001900044245004300063260003700106300001400143500001800157520132300175650003401498856007001532942000701602999001501609952011201624 a813123259X (kindle edition) a615 ALA1 aAlagarsamy, V.10aTextbook of medicinal chemistry vol ii a[S.l.] :bElsevier India,c2012. a (856 p.) aKindle eBook. aDr Alagarsamy's Textbook of Medicinal Chemistry is a much-awaited masterpiece in its arena. Targeted mainly to B. Pharm. students, this book will also be useful for M. Pharm. as well as M. Sc. organic chemistry and pharmaceutical chemistry students. It aims at eliminating the inadequacies in teaching and learning of medicinal chemistry by providing enormous information on all the topics in medicinal chemistry of synthetic drugs. Salient Features Contains clear classification, synthetic schemes, mode of action, metabolism, assay, pharmacological uses with the dose and structure-activity relationship (SAR) of the following classes of drugs: Drugs acting on inflammation Drugs acting on respiratory system Drugs acting on digestive system Drugs acting on blood and blood-forming organs Drugs acting on endocrine system Contains a complete section on chemotherapy and the various classes of chemotherapeutic agents. Also includes recent topics like anti-HIV agents Contains brief introduction about the physiological and pathophysiological conditions of diseases and their treatment under each topic Provides well-illustrated synthetic schemes and alternative synthetic routes for majority of drugs that help in quick and enhanced understanding of the subject Covers the syllabi of majority of Indian universities. amedicinal chemistryamedicine40uhttp://www.amazon.com/exec/obidos/ASIN/B0091MB5YI/chopaconline-20 cBK c1751d1751 0010708NFICaICbICcGENd2015-07-28l2o615 ALAp005611r2022-11-17 00:00:00s2018-11-25w2015-07-28yBK